Interpersonal Skills in Organizations / (Record no. 16438)
[ view plain ]
| 000 -LEADER | |
|---|---|
| fixed length control field | 01135cac a22002891u 4500 |
| 008 - FIXED-LENGTH DATA ELEMENTS--GENERAL INFORMATION | |
| fixed length control field | 081111s2012 mau frb 001 0 eng d |
| 010 ## - LIBRARY OF CONGRESS CONTROL NUMBER | |
| LC control number | 0071086307 |
| 020 ## - INTERNATIONAL STANDARD BOOK NUMBER | |
| International Standard Book Number | 9780071086301 |
| 040 ## - CATALOGING SOURCE | |
| Original cataloging agency | EG-ScBUE |
| Language of cataloging | ara |
| Transcribing agency | EG-ScBUE |
| 082 04 - DEWEY DECIMAL CLASSIFICATION NUMBER | |
| Classification number | 158.7 |
| Item number | JAN |
| Edition number | 22 |
| 100 1# - MAIN ENTRY--PERSONAL NAME | |
| Personal name | De Janasz, Suzanne C. |
| 9 (RLIN) | 12213 |
| 245 10 - TITLE STATEMENT | |
| Title | Interpersonal Skills in Organizations / |
| Statement of responsibility, etc | Suzanne C. De Janasz, Karen O. Dowd, Beth Z. Schneider. |
| 250 ## - EDITION STATEMENT | |
| Edition statement | 4th ed., International ed. |
| 260 ## - PUBLICATION, DISTRIBUTION, ETC. (IMPRINT) | |
| Place of publication, distribution, etc | Boston : |
| Name of publisher, distributor, etc | McGraw-Hill, |
| Date of publication, distribution, etc | c.2012. |
| 300 ## - PHYSICAL DESCRIPTION | |
| Extent | xix, 471 p. : |
| Other physical details | ill. ; |
| Dimensions | 28 cm. |
| 504 ## - BIBLIOGRAPHY, ETC. NOTE | |
| Bibliography, etc | Includes bibliographical references and index.<br/> |
| 650 #7 - SUBJECT ADDED ENTRY--TOPICAL TERM | |
| Topical term or geographic name as entry element | Organizational behavior. |
| 9 (RLIN) | 12214 |
| Source of heading or term | BUEsh |
| 650 #7 - SUBJECT ADDED ENTRY--TOPICAL TERM | |
| Topical term or geographic name as entry element | Psychology, Industrial. |
| 9 (RLIN) | 12215 |
| Source of heading or term | BUEsh |
| 650 #7 - SUBJECT ADDED ENTRY--TOPICAL TERM | |
| Topical term or geographic name as entry element | Interpersonal relations. |
| 9 (RLIN) | 12216 |
| Source of heading or term | BUEsh |
| 651 ## - SUBJECT ADDED ENTRY--GEOGRAPHIC NAME | |
| Source of heading or term | BUEsh |
| 653 ## - INDEX TERM--UNCONTROLLED | |
| Resource For college | BAEPS, Business Administration |
| Arrived date list | February2012 |
| 700 1# - ADDED ENTRY--PERSONAL NAME | |
| Personal name | Dowd, Karen O. |
| 9 (RLIN) | 12217 |
| 700 1# - ADDED ENTRY--PERSONAL NAME | |
| Personal name | Schneider, Beth Z. |
| 9 (RLIN) | 12218 |
| 856 41 - ELECTRONIC LOCATION AND ACCESS | |
| Materials specified | Table of contents only |
| Uniform Resource Identifier | <a href="http://www.loc.gov/catdir/enhancements/fy0618/2004060992-t.html">http://www.loc.gov/catdir/enhancements/fy0618/2004060992-t.html</a> |
| 856 41 - ELECTRONIC LOCATION AND ACCESS | |
| Materials specified | Publisher description |
| Uniform Resource Identifier | <a href="http://www.loc.gov/catdir/enhancements/fy0632/2004060992-d.html">http://www.loc.gov/catdir/enhancements/fy0632/2004060992-d.html</a> |
| 942 ## - ADDED ENTRY ELEMENTS (KOHA) | |
| Source of classification or shelving scheme | Dewey Decimal Classification |
| Withdrawn status | Item status | Source of classification or shelving scheme | Damaged status | Not for loan | Vendor | Home library | Current library | Shelving location | Date acquired | Source of acquisition | Cost, normal purchase price | Total Checkouts | Full call number | Barcode | Date last seen | Date last borrowed | Cost, replacement price | Koha item type | Total Renewals | Materials specified (bound volume or other part) |
|---|---|---|---|---|---|---|---|---|---|---|---|---|---|---|---|---|---|---|---|---|
| Dewey Decimal Classification | Baccah | Central Library | Central Library | Lower Floor | 12/02/2012 | 180.00 | 1 | 158.7 JAN | 000026071 | 15/07/2025 | 10/03/2014 | 225.00 | NB - Book (Non borrowing) | |||||||
| Dewey Decimal Classification | Baccah | Central Library | Central Library | Lower Floor | 12/02/2012 | 180.00 | 5 | 158.7 JAN | 000026072 | 15/07/2025 | 09/02/2020 | 225.00 | Book - Borrowing | 16 | ||||||
| Lost & Replaced | Dewey Decimal Classification | Baccah | Central Library | Central Library | Lower Floor | 12/02/2012 | Purchase | 180.00 | 13 | 158.7 JAN | 000026073 | 30/04/2017 | 13/04/2017 | 225.00 | Book - Borrowing | 52 | ||||
| Lost | Dewey Decimal Classification | Baccah | Central Library | Central Library | Lower Floor | 12/02/2012 | 180.00 | 4 | 158.7 JAN | 000026074 | 20/03/2012 | 07/03/2012 | 225.00 | Book - Borrowing | 4 | Lost In Inventory_2015-8-23 | ||||
| Dewey Decimal Classification | Baccah | Central Library | Central Library | Lower Floor | 12/02/2012 | 180.00 | 15 | 158.7 JAN | 000026075 | 15/07/2025 | 17/02/2019 | 225.00 | Book - Borrowing | 43 | ||||||
| Dewey Decimal Classification | Baccah | Central Library | Central Library | Lower Floor | 12/02/2012 | 180.00 | 12 | 158.7 JAN | 000026076 | 15/07/2025 | 20/02/2019 | 225.00 | Book - Borrowing | 44 | ||||||
| Dewey Decimal Classification | Baccah | Central Library | Central Library | Lower Floor | 12/02/2012 | 180.00 | 19 | 158.7 JAN | 000026077 | 15/07/2025 | 26/02/2019 | 225.00 | Book - Borrowing | 42 | ||||||
| Dewey Decimal Classification | Baccah | Central Library | Central Library | Lower Floor | 12/02/2012 | 180.00 | 17 | 158.7 JAN | 000026078 | 15/07/2025 | 08/04/2019 | 225.00 | Book - Borrowing | 69 | ||||||
| Dewey Decimal Classification | Baccah | Central Library | Central Library | Lower Floor | 12/02/2012 | 180.00 | 13 | 158.7 JAN | 000026079 | 15/07/2025 | 17/03/2019 | 225.00 | Book - Borrowing | 38 | ||||||
| Dewey Decimal Classification | Baccah | Central Library | Central Library | Lower Floor | 12/02/2012 | 180.00 | 21 | 158.7 JAN | 000026080 | 15/07/2025 | 14/03/2019 | 225.00 | Book - Borrowing | 57 | ||||||
| Dewey Decimal Classification | Baccah | Central Library | Central Library | Lower Floor | 30/04/2017 | Purchase | 5 | 158.7 JAN | 000046038 | 15/07/2025 | 23/02/2020 | Book - Borrowing | 32 |